000 00443nam a2200145 4500
001 145273
003 ES-MaACL
007 t|
008 070214s1927 fr r ||||1| fre d
100 1 _aSpaier, Albert.
_9107623
245 1 3 _aLa pensée et la quantité
_b: essai sur la signification et la réalité des grandeurs /
_cAlbert Spaier.
260 _aParis :
_bFélix Alcan,
_c1927.
300 _a408 p. ;
_c23 cm.
852 _aES-MaACL
_jB-5585
999 _c145273
_d145273